000 01746nam a2200289 u 4500
001 1533074
005 20260508093709.0
008 190829s1968 spa
020 _a9788429173611
035 _a1533074
040 _ccomduadb
041 _aspa
082 4 _a660
100 1 0 _aMcCabe, Warren L.
_4aut
_eaut
_9469817
245 1 0 _aOperaciones básicas de ingeniería química
260 _aBarcelona :
_bEditorial Reverté,
_c1968.
300 _apáginas: vi, 1-498 :
_bilustraciones, tablas, gráficas.
505 _aCONTENIDO : Prologo. -- 1. -- Introducción. -- SECCIÓN 2: MECÁNICA DE FLUIDOS. -- 2: Estática de fluidos y sus aplicaciones. -- 3: Fenómenos de Flujo de fluidos. -- 4: Ecuaciones básicas del flujo de fluidos. -- 5: Flujo de los fluidos no compresibles en conducciones y capas delgadas. -- 6: Flujo de fluidos no compresibles. -- 7: Flujo alrededor de cuerpos sumergidos. -- Transporte y medida de fluidos. -- 8: Agitación y mezcla de líquidos. -- SECCIÓN 3: TRANSMISIÓN DE CALOR Y SUS APLICACIONES. -- 10: Transmisión de calor por conducción en sólidos. -- 11: Fundamentos del Flujo de calor en fluidos. -- 12: Transmisión de calor en fluidos sin cambio de fase. -- 13: Transmisión de calor en fluidos con cambio de fase. -- 14: Transmisión de calor por radiación. -- 15: Aparatos de intercambio de calor. -- 16: Evaporación.
650 _aIngeniería química
_9926
650 _aOperaciones unitarias
_93097
650 7 _aMecánica de fluidos
_2lemb
_9151
650 7 _aTransmisión del calor
_2lemb
_931915
700 1 0 _aSmith, Jorge
_4aut
_eaut
_9246444
700 1 0 _aMato Vázquez, Fidel
_4trl
_etrl
_9702578
700 1 0 _aCoca Prados, José
_4trl
_etrl
_9280344
942 _cBOOK
999 _c806387
_d806387